000 00862nam a2200253 a 4500
001 40167
003 BD-RjUL
005 20211209053142.0
008 160423r2000 bg ||||| |||| 00| 0 ben d
020 _c: TK. 80.00
035 _a(BD-RjUL)40282
040 _aBD-RjUL
_bben
_cBD-RjUL
041 _aben
082 _223
_a657.4
_bMOU 2000
100 _aমণ্ডল, এম, এ
_9119038
245 _aউৎপাদনব্যয় হিসাববিজ্ঞান /
_c এম, এ, মণ্ডল
250 _a৯ম সং.
260 _aরাজশাহী :
_bমিসেস আখতার বানু,
_c২০০০
300 _a খণ্ড ;
_c২০ সেমি.
505 _aখণ্ড-- ১ --
650 _aমূল্য-হিসাবরক্ষণ
_9123669
650 _a Cost accounting
_9123670
942 _2ddc
_cBK
999 _c40167
_d40167